| 000 | 00593nam a2200217Ia 4500 | ||
|---|---|---|---|
| 003 | OSt | ||
| 005 | 20220923230712.0 | ||
| 006 | a|||||r|||| 00| 0 | ||
| 007 | ta | ||
| 008 | Pun | ||
| 024 | _a304,890 | ||
| 037 | _cTextual | ||
| 040 |
_aARTS _cARTS _bPun |
||
| 041 |
_2Pun _aPun |
||
| 082 | _aT0aY, 153K6 | ||
| 100 | _aਸਯਦੈਨ, ਕੇ. ਜੀ. | ||
| 245 | 0 | _aਸਿਖਿਆ ਸੰਸਕ੍ਰਿਤੀ ਅਤੇ ਸਮਾਜਿਕ ਵਿਵਸਥਾ | |
| 260 | _c1966 | ||
| 942 |
_hT0aY, 153K6 _cTEXL _2CC |
||
| 999 |
_c386697 _d386697 |
||